000 00234 a2200097 4500
001 45937
100 _aPhilip G
245 _aMechanics and thermodynamics of propulsion
260 _aLondon
_bAddison Wesley
_c
090 _c29055
_d29055
942 _aNUST-CAE
_cM
_c21175
999 _c281010
_d281010